Indian language collection, (Record no. 44022)

MARC details
000 -LEADER
fixed length control field 01307cpcaa2200337 4500
001 - CONTROL NUMBER
control field mm 83082405
003 - CONTROL NUMBER IDENTIFIER
control field DLC
005 - DATE AND TIME OF LATEST TRANSACTION
control field 20260227111720.0
008 - FIXED-LENGTH DATA ELEMENTS--GENERAL INFORMATION
fixed length control field 830811|||||||||||| eng
010 ## - LIBRARY OF CONGRESS CONTROL NUMBER
LC control number mm 83082405
040 ## - CATALOGING SOURCE
Original cataloging agency DLC
Transcribing agency DLC
Description conventions dacs
Modifying agency DLC
041 ## - LANGUAGE CODE
Language code of text/sound track or separate title eng
-- cai
-- sai
072 #7 - SUBJECT CATEGORY CODE
Subject category code H
Source lcmd
245 00 - TITLE STATEMENT
Title Indian language collection,
Inclusive dates 1595-1833.
300 ## - PHYSICAL DESCRIPTION
Extent 11
Type of unit items.
300 ## - PHYSICAL DESCRIPTION
Extent 2
Type of unit containers.
506 0# - RESTRICTIONS ON ACCESS NOTE
Terms governing access Open to research.
520 8# - SUMMARY, ETC.
Summary, etc. Volumes chiefly consisting of manuscript vocabularies, grammars, and dictionaries of various Central and South American Indians; including the Aymara, Cakchickel, Campa, Lule, Mosca (Chibcha), Quiché, and Tzotzil.
546 ## - LANGUAGE NOTE
Language note Collection material in English and languages of Central and South American Indians.
650 #0 - SUBJECT ADDED ENTRY--TOPICAL TERM
Topical term or geographic name entry element Aymara Indians.
650 #0 - SUBJECT ADDED ENTRY--TOPICAL TERM
Topical term or geographic name entry element Cakchikel Indians.
650 #0 - SUBJECT ADDED ENTRY--TOPICAL TERM
Topical term or geographic name entry element Campa Indians.
650 #0 - SUBJECT ADDED ENTRY--TOPICAL TERM
Topical term or geographic name entry element Chibcha Indians.
650 #0 - SUBJECT ADDED ENTRY--TOPICAL TERM
Topical term or geographic name entry element Indians of Central America
General subdivision Languages.
650 #0 - SUBJECT ADDED ENTRY--TOPICAL TERM
Topical term or geographic name entry element Indians of South America
General subdivision Languages.
650 #0 - SUBJECT ADDED ENTRY--TOPICAL TERM
Topical term or geographic name entry element Lule Indians.
650 #0 - SUBJECT ADDED ENTRY--TOPICAL TERM
Topical term or geographic name entry element Quiché Indians.
650 #0 - SUBJECT ADDED ENTRY--TOPICAL TERM
Topical term or geographic name entry element Tzotzil Indians.

No items available.

Powered by Koha